GÊMEOS - Statistics

Estatísticas Gerais
  • Esse quiz foi jogado 153 vezes
  • A pontuação média é 11 de 13
Estatísticas das Respostas
Hint Resposta % Correto
Chifre (pista) 2200 ft
100%
Aguaí (proa) 305°
91%
Fazenda Retiro (pista) 2000 ft
86%
Usina Crisciumal (pista) 2000 ft
86%
Oriçanga (pista) 2300 ft
86%
Irmãos Ribeiro (pista) 3000 ft
86%
São Jõao da Boa Vista (pista) 2500 ft
82%
Mogi Guaçu (proa) 335°
82%
Leme (pista) 2000 ft
77%
Araras (pista) 2200 ft
77%
São João da Boa Vista (proa) 290°
77%
Conchal (proa) 355°
77%
Espirito santo do pinhal (proa) 310°
73%
Nenhum quiz correspondente encontrado
Distribuição das Pontuações
Porcentagem de Pessoas com Cada Pontuação
Percentil de Números Respondidos
Sua Pontuação Histórica
Você não jogou esse quiz